00470nam a2200145Ia 4500008004100000020005500041040000800096082002500104100002100129245002100150264001100171942001300182952011400195999001500309231129s9999||||xx |||||||||||||| ||spa|| a91-7702-105-3  bspa a(i) 808.068543 D726a aDoumerc Beatriz 0aAserrin aserran aNordan 2ddccBKS 00102ddc4070aBRCbBRCd2009-07-09l0o(i) 808.068543 D726ap28659r2023-11-29 20:58:03t1w2023-11-29yBK c5674d5674